Celebrity Sorting III Quiz Stats

 Plays Quiz Updated Jul 16, 2019

Score 0/10 Timer 02:00
6 Plays Today
% Correct
Athlete
97.8%
Artist
97.7%
Entrepreneur|Businessperson
96.8%
Actor
96.5%
Author
96.3%
Musician
94%
Reporter|Journalist
91.2%
Director
89%
Politician
86.3%
Religious Leader
85.4%

You're not logged in!

Compare scores with friends on all Sporcle quizzes.
OR
Log In

Sporcle TV

Today on Sporcle TV


Watch our educational content, quiz creation guides, and fun videos on Sporcle TV.

Show Comments

Extras

Top Quizzes Today


Score Distribution

Your Account Isn't Verified!

In order to create a playlist on Sporcle, you need to verify the email address you used during registration. Go to your Sporcle Settings to finish the process.

Report this User

Report this user for behavior that violates our Community Guidelines.

Details: